000 00400nam a2200169Ia 4500
008 230524s9999 xx 000 0 und d
020 _a9788184885026
082 _a657
_bSAR
100 _aA.M.Sarma
245 0 _aUnderstanding Wage System
250 _a9TH
260 _aNEW DELHI
_bHimalaya
_c2008
300 _aXIV;354
500 _aQuantity Number: 33
650 _aManagement
942 _cBK
999 _c40926
_d40926